[Event "Sydney"]
[Site "Sydney"]
[Date "1990.??.??"]
[Round "4"]
[White "Dive, Russell John"]
[Black "Madl, Ildiko"]
[Result "0-1"]
[WhiteElo "2255"]
[BlackElo "2390"]

1.d4 Nf6 2.c4 e6 3.Nc3 Bb4 4.Qc2 O-O 5.a3 Bxc3+ 6.Qxc3 b6 7.Bg5 Bb7 8.f3 c5
9.dxc5 bxc5 10.Nh3 h6 11.Bh4 Qe7 12.Nf2 d6 13.Ng4 Nbd7 14.e4 Rfe8 15.Bd3 Qd8
16.O-O Rb8 17.Qc1 Qe7 18.Qc3 Ba6 19.g3 h5 20.Nxf6+ Nxf6 21.b4 e5 22.b5 Bb7
23.Rfd1 Qe6 24.Bxf6 Qxf6 25.Bf1 h4 26.Ra2 Qg6 27.g4 Bxe4 28.Rad2 Bb7 29.Rxd6 Qg5
30.h3 e4 31.fxe4 Bxe4 32.Qd2 Qe5 33.Qf2 Rf8 34.Bg2 Bxg2 35.Kxg2 Qe4+ 36.Kg1 Qxc4
37.Qxh4 Rbe8 38.R6d5 Qb3 39.R5d3 Qe6 40.Qf2 c4 41.Rc3 f5 42.Qc5 fxg4 43.Qxc4 Qxc4
44.Rxc4 gxh3 45.Rd3 Re5 46.Rxh3 Rxb5 47.Rg3 Rbf5 48.Rcg4 Rf1+ 49.Kh2 R8f2+
50.Rg2 Rxg2+ 51.Kxg2 Rf5 52.Ra4 a5 53.Kg3 g6 54.Rc4 Kf7 55.Kg4 Rd5 56.Rc7+ Kf6
57.Rc6+ Kg7 58.Ra6 Kh6 59.Kf4 Rd4+ 60.Ke5 Ra4 61.Kf6 Rxa3 62.Kf7 Rf3+ 63.Kg8 Rf5  0-1

[Event "Toulouse op"]
[Site "Toulouse"]
[Date "1990.??.??"]
[Round "2"]
[White "Avshalumov, Alex"]
[Black "Michalet, Guy"]
[Result "1-0"]
[WhiteElo "2450"]
[BlackElo "2210"]

1.d4 Nf6 2.c4 e6 3.Nc3 Bb4 4.Qc2 O-O 5.Bg5 c5 6.e3 Qa5 7.Bxf6 Bxc3+ 8.bxc3 gxf6
9.Bd3 cxd4 10.exd4 Qh5 11.Ne2 Qh6 12.O-O Nc6 13.Rfe1 Ne7 14.Be4 d5 15.cxd5 exd5
16.Bf3 Be6 17.g3 Rfc8 18.Qb3 Rc7 19.Nf4 Rac8 20.Re3 b6 21.Rae1 Rc4 22.Nxe6 fxe6
23.Rxe6 Rxc3 24.Rxe7 Rxb3 25.Bxd5+ Kh8 26.Re8+ Kg7 27.Rxc8 Qd2 28.Re7+ Kh6
29.Bxb3  1-0

[Event "Toulouse op"]
[Site "Toulouse"]
[Date "1990.??.??"]
[Round "4"]
[White "Avshalumov, Alex"]
[Black "Emms, John M"]
[Result "1-0"]
[WhiteElo "2450"]
[BlackElo "2400"]

1.d4 Nf6 2.c4 e6 3.Nc3 Bb4 4.Qc2 O-O 5.Bg5 h6 6.Bh4 c5 7.e3 cxd4 8.exd4 d5
9.Nf3 Nc6 10.Rd1 Be7 11.a3 b6 12.Bxf6 Bxf6 13.cxd5 exd5 14.Be2 Bg4 15.Qa4 Qd6
16.O-O a6 17.Qb3 Rfd8 18.Qa2 Ne7 19.h3 Bf5 20.Bd3 Bxd3 21.Rxd3 Ra7 22.Re1 Nf5
23.Rd2 Re7 24.Rxe7 Nxe7 25.Qb1 b5 26.Qd3 Rb8 27.Rd1 b4 28.Na4 bxa3 29.bxa3 Rb5
30.Rc1 g6 31.g3 Kg7 32.Kg2 Nf5 33.Qc3 Qb8 34.Nc5 Rb2 35.Rc2 Rxc2 36.Qxc2 Qxg3+
37.fxg3 Ne3+ 38.Kf2 Nxc2 39.Nxa6 Nxa3 40.Nc7 Nc2 41.Ne8+ Kf8 42.Nxf6 Nb4
43.Ke3 h5 44.Kf4 Ke7 45.Kg5 Ke6 46.h4 Nd3 47.Ne8 Kd7 48.Ng7 Ke7 49.Nxh5 gxh5
50.Kxh5 Kf6 51.g4 Nf2 52.Ne5 Ke6 53.g5 Ne4 54.Kh6 f6 55.Nf3 fxg5 56.hxg5 Kf5
57.g6 Nf6 58.Kg7 Ng4 59.Kf7 Ke4 60.g7 Nh6+ 61.Kg6 Ng8 62.Kf7  1-0

[Event "Valencia op"]
[Site "Valencia"]
[Date "1990.??.??"]
[Round "?"]
[White "Bass, Leonid"]
[Black "Kurajica, Bojan"]
[Result "1/2-1/2"]
[WhiteElo "2485"]
[BlackElo "2480"]

1.d4 Nf6 2.c4 e6 3.Nc3 Bb4 4.Qc2 O-O 5.a3 Bxc3+ 6.Qxc3 b6 7.Bg5 Bb7 8.Nh3 h6
9.Bh4 d5 10.cxd5 exd5 11.e3 Nbd7 12.Bd3 c5 13.Bf5 g5 14.Bg3 Qe7 15.O-O Ne4
16.Bxe4 Qxe4 17.f3 Qg6 18.Nf2 Rfe8 19.Rad1 Rac8 20.dxc5  1/2-1/2

[Event "Vrnjacka Banja"]
[Site "Vrnjacka Banja"]
[Date "1990.??.??"]
[Round "7"]
[White "Kolev, Atanas"]
[Black "Pavlovic, Milos"]
[Result "0-1"]
[WhiteElo "2425"]
[BlackElo "2420"]

1.d4 Nf6 2.c4 e6 3.Nc3 Bb4 4.Qc2 O-O 5.a3 Bxc3+ 6.Qxc3 Qe8 7.Nf3 d6 8.g3 a5
9.b3 a4 10.b4 b5 11.cxb5 Ra7 12.Qc2 Bb7 13.Bg5 Be4 14.Qb2 Nd5 15.Rg1 f5 16.Bd2 Qh5
17.h4 h6 18.Nh2 Nf6 19.f3 Bd5 20.Be3 Nbd7 21.Bf2 Nb6 22.Rc1 Rb7 23.g4 Qe8
24.Qd2 Kh8 25.g5 Ng8 26.gxh6 Nxh6 27.Qg5 Qf7 28.e3 Nd7 29.Be2 Nf6 30.Nf1 e5
31.dxe5 dxe5 32.Nd2 e4 33.Nc4 exf3 34.Ne5 Qg8 35.Bd3 Re8 36.Ng6+ Kh7 37.Bxf5 Nxf5
38.Qxf5 Be4 39.Qg5 c5 40.bxc6 Qa2 41.Nf4 Rd8 42.Kf1 Qd2  0-1

[Event "Warsaw Legion op"]
[Site "Warsaw"]
[Date "1990.??.??"]
[Round "?"]
[White "Szyszko, Ignacy"]
[Black "Barwinski, Dionizy"]
[Result "1-0"]
[WhiteElo "2285"]
[BlackElo "2230"]

1.d4 Nf6 2.c4 e6 3.Nc3 Bb4 4.Qc2 O-O 5.Bg5 d5 6.e3 Nbd7 7.cxd5 exd5 8.Bd3 h6
9.Bh4 c6 10.Nf3 Re8 11.g4 g5 12.Bg3 Ne4 13.a3 Bxc3+ 14.bxc3 Ndf6 15.Ne5 Qa5
16.f3 Qxc3+ 17.Qxc3 Nxc3 18.Kd2 Na4 19.h4 Be6 20.Rh2 Kg7 21.Rah1 Rh8 22.Nxc6 gxh4
23.Be5 Nb2 24.Ne7 Nxd3 25.Kxd3 Rae8 26.Nf5+ Bxf5+ 27.gxf5 Rxe5 28.dxe5 Nd7
29.f4 Rc8 30.Rxh4 Rc6 31.f6+ Kf8 32.Rxh6 Nc5+ 33.Ke2 Ke8 34.Rd1 Ne4 35.Rh8+ Kd7
36.Rxd5+ Ke6 37.Rd4 Kf5 38.Kf3  1-0

[Event "Werfen op"]
[Site "Werfen"]
[Date "1990.??.??"]
[Round "5"]
[White "Stohl, Igor"]
[Black "Shneider, Aleksandr"]
[Result "1/2-1/2"]
[WhiteElo "2530"]
[BlackElo "2485"]

1.d4 Nf6 2.c4 e6 3.Nc3 Bb4 4.Qc2 O-O 5.a3 Bxc3+ 6.Qxc3 b6 7.Bg5 Bb7 8.f3 d5
9.e3 Nbd7 10.Nh3 h6 11.Bh4 Rc8 12.c5 bxc5 13.dxc5 c6 14.Bg3 Ra8 15.Bd6 Re8
16.Bd3  1/2-1/2

[Event "Wiesbaden op"]
[Site "Wiesbaden"]
[Date "1990.??.??"]
[Round "?"]
[White "Bode, Ulf"]
[Black "Dimitrov, Vladimir"]
[Result "0-1"]
[WhiteElo "2235"]
[BlackElo "2455"]

1.d4 e6 2.c4 Nf6 3.Nc3 Bb4 4.Qc2 O-O 5.a3 Bxc3+ 6.Qxc3 b6 7.Bg5 Bb7 8.f3 h6
9.Bh4 d6 10.e4 c5 11.d5 Nbd7 12.dxe6 fxe6 13.O-O-O Qc7 14.g4 Ne5 15.g5 hxg5
16.Bxg5 Nxe4 17.fxe4 Bxe4 18.Nh3 Bxh1 19.Nf4 Rxf4 20.Bxf4 Be4 21.Re1 Bf5
22.Bxe5 dxe5 23.Rxe5 Rd8 24.Qe3 Qc6 25.Qf2 Qa4  0-1

[Event "Wiesbaden op"]
[Site "Wiesbaden"]
[Date "1990.??.??"]
[Round "?"]
[White "Bode, Ulf"]
[Black "Lobron, Eric"]
[Result "1/2-1/2"]
[WhiteElo "2235"]
[BlackElo "2545"]

1.d4 e6 2.c4 Nf6 3.Nc3 Bb4 4.Qc2 O-O 5.a3 Bxc3+ 6.Qxc3 b6 7.Bg5 Bb7 8.f3 h6
9.Bh4 d5 10.e3 Re8 11.Nh3 Nbd7 12.cxd5 exd5 13.Bf2 c5 14.Bb5 a6 15.Bxd7 Nxd7
16.O-O Rc8 17.Qd2 b5 18.dxc5 Nxc5 19.Rad1 Qf6 20.Nf4 Na4 21.b3 Nc3 22.Rc1 d4
23.Rfe1 dxe3 24.Rxe3 Qxf4 25.Rcxc3  1/2-1/2

[Event "Yaroslavl"]
[Site "Yaroslavl"]
[Date "1990.??.??"]
[Round "?"]
[White "Bode, Ulf"]
[Black "Howell, James C"]
[Result "0-1"]
[WhiteElo "2250"]
[BlackElo "2415"]

1.d4 Nf6 2.c4 e6 3.Nc3 Bb4 4.Qc2 O-O 5.a3 Bxc3+ 6.Qxc3 b6 7.Bg5 Bb7 8.f3 h6
9.Bh4 d5 10.e3 Nbd7 11.Bd3 Qe7 12.Nh3 c5 13.cxd5 cxd4 14.Qxd4 e5 15.Qc3 g5
16.Bg3 Nxd5 17.Qd2 Nc5 18.Bc4 Rad8 19.Qe2 e4 20.fxe4 Qxe4 21.Nf2 Qxe3 22.O-O Qxe2
23.Bxe2 Ne3  0-1

[Event "Acasusso op"]
[Site "Acasusso"]
[Date "1991.??.??"]
[Round "2"]
[White "Restifa, Hector"]
[Black "Rubinetti, Jorge A"]
[Result "1/2-1/2"]
[WhiteElo "2325"]
[BlackElo "2440"]

1.d4 Nf6 2.c4 e6 3.Nc3 Bb4 4.Qc2 O-O 5.Bg5 c5 6.Nf3 cxd4 7.Nxd4 Nc6 8.Nxc6 bxc6
9.e3 d5 10.Be2 h6 11.Bh4 Be7 12.O-O a5 13.Rfd1 Ba6 14.Rac1 Qb8 15.cxd5 cxd5
16.Bxa6 Rxa6 17.e4 dxe4 18.Nxe4 Qe5  1/2-1/2

[Event "Anapa"]
[Site "Anapa"]
[Date "1991.??.??"]
[Round "?"]
[White "Sherbakov, Ruslan"]
[Black "Tunik, Gennady"]
[Result "1/2-1/2"]
[WhiteElo "2525"]
[BlackElo "2470"]

1.d4 Nf6 2.c4 e6 3.Nc3 Bb4 4.Qc2 O-O 5.a3 Bxc3+ 6.Qxc3 b6 7.Bg5 Bb7 8.f3 h6
9.Bh4 c5 10.dxc5 bxc5 11.Nh3 Nc6 12.O-O-O Ne4 13.Qe1 g5 14.Bf2 Nxf2 15.Nxf2 Ne5
16.Qc3 Qf6 17.e3 Kg7 18.h4 Rfd8 19.Kb1 Nxf3 20.Qxf6+ Kxf6 21.gxf3 Bxf3 22.hxg5+ hxg5
23.Bd3 Bxd1 24.Rxd1 Ke7 25.e4 d6 26.b4 cxb4 27.axb4 Rdb8 28.b5 a6 29.Rg1 axb5
30.cxb5 f6 31.Kb2 Ra5 32.Rh1 Raxb5+ 33.Bxb5 Rxb5+ 34.Kc3 f5 35.exf5 exf5
36.Rh6 Re5 37.Rg6 Re3+ 38.Kd2 Rg3 39.Ke2 d5 40.Nh1 Rg1 41.Nf2  1/2-1/2

[Event "Anapa"]
[Site "Anapa"]
[Date "1991.??.??"]
[Round "?"]
[White "Sherbakov, Ruslan"]
[Black "Sher, Miron N"]
[Result "1/2-1/2"]
[WhiteElo "2525"]
[BlackElo "2450"]

1.d4 Nf6 2.c4 e6 3.Nc3 Bb4 4.Qc2 O-O 5.a3 Bxc3+ 6.Qxc3 d6 7.Bg5 Qe7 8.Nf3 Re8
9.e3 Nbd7 10.Bd3 h6 11.Bxf6 Nxf6  1/2-1/2

[Event "Anapa"]
[Site "Anapa"]
[Date "1991.??.??"]
[Round "?"]
[White "Tunik, Gennady"]
[Black "Savon, Vladimir A"]
[Result "1/2-1/2"]
[WhiteElo "2470"]
[BlackElo "2460"]

1.d4 Nf6 2.c4 e6 3.Nc3 Bb4 4.Qc2 O-O 5.a3 Bxc3+ 6.Qxc3 d6 7.Bg5 Nbd7 8.e3 b6
9.Bd3 Bb7 10.f3 c5 11.Ne2 Rc8 12.O-O d5 13.cxd5 Bxd5 14.Ba6 Rb8 15.Bf4 Bb7
16.Bxb7 Rxb7 17.Bd6 Re8 18.e4 Qc8 19.Rac1 Qc6 20.e5 Nd5 21.Qd3 a5 22.b3 Ra7
23.h3 Raa8 24.Kh2 Rac8 25.a4 Nb4 26.Qd2 Qb7 27.Ng3 cxd4 28.Bxb4 axb4 29.Qxd4 Qd5
30.Rcd1 Qxd4 31.Rxd4 Nxe5 32.Rxb4 Rc6 33.Rd1 f6 34.Ne4 Nf7 35.Rd7 Rd8 36.Rbd4 Rxd7
37.Rxd7 f5 38.Nd2 Ne5 39.Rd8+ Kf7 40.f4 Ng6 41.Nc4 Kf6 42.Kg3 e5 43.fxe5+ Nxe5
44.Rd6+ Rxd6 45.Nxd6 g5 46.Nc8 Nd7 47.b4 Ke5 48.a5 bxa5 49.bxa5 Nc5 50.Ne7 Na6
51.Kf2 Nb4 52.Nc8 h5 53.Nb6 h4 54.Kf3 Na6 55.Nc4+ Kd4 56.Ne3 Ke5 57.Nd1 Kd4
58.Ne3 Ke5 59.Kf2 Ke4 60.Nc4 Nc5 61.Nd2+ Kf4  1/2-1/2

[Event "AUT-chT"]
[Site "?"]
[Date "1991.??.??"]
[Round "?"]
[White "Kelecevic, Nedeljko"]
[Black "Duer, Arne"]
[Result "0-1"]
[WhiteElo "2430"]
[BlackElo "2390"]

1.d4 Nf6 2.c4 e6 3.Nc3 Bb4 4.Qc2 O-O 5.a3 Bxc3+ 6.Qxc3 d6 7.f3 c5 8.dxc5 dxc5
9.b4 Nbd7 10.Bb2 b6 11.h4 Bb7 12.h5 h6 13.g4 Qc7 14.Rh3 cxb4 15.axb4 Qf4
16.e3 Qg5 17.Be2 e5 18.Bc1 Nh7 19.Rh1 Qe7 20.e4 Ng5 21.Nh3 Nxh3 22.Rxh3 f6
23.Be3 Rfd8 24.c5 Rdc8 25.Rc1 Kh7 26.Bb5 bxc5 27.bxc5 Bc6 28.Ba6 Rd8 29.Rh2 Nf8
30.Rd2 Rxd2 31.Qxd2 Rd8 32.Qb4 Ne6 33.Rd1 Rxd1+ 34.Kxd1 Qd7+ 35.Ke1 Ng5 36.Be2 Qd8
37.Qd2 Qa8 38.Qa5 Qb8 39.Kf2 Ne6 40.Qa2 Nd4 41.Bxd4 exd4 42.Kg2 Qf4 43.Qxa7 d3
44.Bxd3 Qd2+ 45.Kg3 Qxd3 46.Qe7 Qd4 47.Kf4 Qd2+ 48.Kg3 Qd7 49.Qf8 Qe8 50.Qd6 Qe5+
51.Qxe5 fxe5 52.g5 Kg8 53.f4 Bxe4 54.fxe5 Kf7 55.Kf4 Bc6  0-1

[Event "URS-chT"]
[Site "Azov"]
[Date "1991.??.??"]
[Round "?"]
[White "Kakageldyev, Amanmurad"]
[Black "Kiselev, Sergey"]
[Result "1/2-1/2"]
[WhiteElo "2350"]
[BlackElo "2510"]

1.d4 Nf6 2.c4 e6 3.Nc3 Bb4 4.Qc2 O-O 5.a3 Bxc3+ 6.Qxc3 b6 7.Nf3 c5 8.Bg5 cxd4
9.Nxd4 Bb7 10.e3 h6 11.Bh4 d5 12.cxd5 Nxd5 13.Bxd8 Nxc3 14.Be7 Re8 15.Bh4 Ne4
16.f3 g5 17.Bg3 Nxg3 18.hxg3 Kg7 19.Rc1 Rc8 20.Rxc8 Bxc8 21.Bd3 Bb7 22.Kd2 Nc6
23.Nxc6 Bxc6 24.Rc1 Rc8 25.Ba6 Rd8+ 26.Ke2 Rd6  1/2-1/2

[Event "URS-chT"]
[Site "Azov"]
[Date "1991.??.??"]
[Round "?"]
[White "Kanstler, Boris"]
[Black "Magerramov, Elmar"]
[Result "1/2-1/2"]
[WhiteElo "2430"]
[BlackElo "2560"]

1.d4 Nf6 2.c4 e6 3.Nc3 Bb4 4.Qc2 O-O 5.a3 Bxc3+ 6.Qxc3 b6 7.Bg5 Bb7 8.Nh3 d6
9.f3 c5 10.dxc5 bxc5 11.Rd1 Nc6 12.e3 Rb8 13.Be2  1/2-1/2

[Event "URS Spartakiada (Women)"]
[Site "Azov"]
[Date "1991.??.??"]
[Round "5"]
[White "Litinskaya, Marta I"]
[Black "Prudnikova, Svetlana"]
[Result "0-1"]
[WhiteElo "2370"]
[BlackElo "2280"]

1.d4 Nf6 2.c4 e6 3.Nc3 Bb4 4.Qc2 O-O 5.Nf3 c5 6.dxc5 Na6 7.g3 Nxc5 8.Bg2 b6
9.O-O Bb7 10.Bf4 Bxc3 11.Qxc3 d5 12.Rad1 Qe7 13.Qa3 Rfd8 14.Ne5 a5 15.Bg5 h6
16.Bxf6 gxf6 17.Nd3 dxc4 18.Nxc5 Bxg2 19.Kxg2 Qxc5 20.Qxc5 bxc5 21.Kf3 Rd5
22.Rc1 Rd2 23.Rxc4 Rxb2 24.a4 Rb4 25.Rfc1 Rc8 26.Rxc5 Rxc5 27.Rxc5 Rxa4 28.g4 Ra1
29.h4 a4 30.Rc8+ Kg7 31.Ra8 a3 32.h5 a2 33.e3 e5 34.Ra6 Kf8  0-1

[Event "Bad Lauterberg"]
[Site "Bad Lauterberg"]
[Date "1991.??.??"]
[Round "6"]
[White "Gruenberg, Hans Ulrich"]
[Black "King, Daniel J"]
[Result "1/2-1/2"]
[WhiteElo "2530"]
[BlackElo "2505"]

1.d4 Nf6 2.c4 e6 3.Nc3 Bb4 4.Qc2 O-O 5.a3 Bxc3+ 6.Qxc3 b6 7.Nf3 Bb7 8.g3 a5
9.b3 c5 10.Bg2 cxd4 11.Qxd4 Na6 12.Be3 Nc5 13.Rb1 Be4 14.Rb2 d5 15.cxd5 Qxd5
16.Qxd5 Bxd5 17.O-O  1/2-1/2

[Event "Bad Lauterberg"]
[Site "Bad Lauterberg"]
[Date "1991.??.??"]
[Round "9"]
[White "Mohr, Stefan"]
[Black "Gruenberg, Hans Ulrich"]
[Result "1-0"]
[WhiteElo "2465"]
[BlackElo "2530"]

1.d4 Nf6 2.c4 e6 3.Nc3 Bb4 4.Qc2 O-O 5.a3 Bxc3+ 6.Qxc3 b6 7.Bg5 Bb7 8.f3 c5
9.dxc5 bxc5 10.e3 h6 11.Bh4 d5 12.O-O-O Nbd7 13.Nh3 Qb6 14.Nf2 Bc6 15.Be2 Rab8
16.Rd2 a5 17.Qc2 Rfc8 18.Kb1 d4 19.e4 e5 20.g4 Qc7 21.Bg3 Rb6 22.Re1 Rcb8
23.Qc1 Nh7 24.h4 Nhf8 25.Nd3 Ne6 26.Bf1 g5 27.Rh2 Nf4 28.Bxf4 exf4 29.hxg5 hxg5
30.Be2 Ne5 31.Reh1 Nxd3 32.Bxd3 Qe5 33.Rh8+ Qxh8 34.Rxh8+ Kxh8 35.Qh1+ Kg7
36.Qh5 Rxb2+ 37.Kc1 Be8 38.Qxg5+ Kh8 39.Qh6+ Kg8 40.Qg5+ Kh8 41.Qxc5 Kg8
42.Qg5+ Kf8 43.Qxf4 R8b7 44.e5  1-0

[Event "JUG-ch"]
[Site "Banja Vrucica"]
[Date "1991.??.??"]
[Round "?"]
[White "Drasko, Milan"]
[Black "Dzevlan, Miralem"]
[Result "1/2-1/2"]
[WhiteElo "2500"]
[BlackElo "2405"]

1.d4 Nf6 2.c4 e6 3.Nc3 Bb4 4.Qc2 O-O 5.a3 Bxc3+ 6.Qxc3 b6 7.Bg5 Bb7 8.Nf3 d6
9.Nd2 Nbd7 10.f3 h6 11.Bh4 c5 12.dxc5 bxc5 13.e3 a5 14.Bd3 a4 15.O-O Qb6
16.Rad1 Bc6 17.Nb1 Rab8 18.Rd2 d5 19.Bf2 Qa7 20.Be2 Rb3 21.Qc1 Rfb8 22.Bd1 R3b7
23.cxd5 exd5 24.Nc3 Qa5 25.Be2 c4 26.Na2 Nc5 27.Rc2 Bd7 28.Nb4 Re8 29.e4 dxe4
30.Bxc4 Ne6 31.fxe4 Nxe4 32.Bd5 Nxf2 33.Bxb7 Ng4 34.Bf3 Qa7+ 35.Kh1 Ne3 36.Bh5 Nxf1
37.Qxf1 g6 38.Nd5 gxh5 39.Nf6+ Kf8 40.Nxe8 Bxe8 41.Qf6 Qe3 42.h4 Qd4 43.Qxd4 Nxd4
44.Rc4 Nb3 45.Kg1 Bd7 46.Kf2 Ke7 47.Ke3 Kd6 48.Rf4 f5 49.Rc4 Nc5 50.g3 Kd5
51.Rc3 Be6 52.Rc1 Kd6 53.Rc2 Bb3 54.Rd2+ Ke5 55.Rd8 Ne4 56.Kf3 Nd6 57.Rh8 Nc4
58.Rxh6 Nxb2 59.Ke2 Kd4 60.Kd2 Bf7 61.Rf6 Nc4+ 62.Kc1  1/2-1/2

[Event "BUL-chT"]
[Site "Bankia"]
[Date "1991.??.??"]
[Round "1"]
[White "Avramov, Anton"]
[Black "Dimitrov, Plamen"]
[Result "1/2-1/2"]
[WhiteElo "2255"]
[BlackElo "2270"]

1.d4 Nf6 2.c4 e6 3.Nc3 Bb4 4.Qc2 O-O 5.Nf3 b6 6.a3 Bxc3+ 7.Qxc3 Bb7 8.g3 d6
9.Bg2 Nbd7 10.O-O Ne4 11.Qc2 f5 12.Ng5 Nxg5 13.Bxb7 Rb8 14.Bg2 h6 15.f4 Nh7
16.e4 Qe8 17.Bd2 Qh5 18.Rae1 Nhf6 19.e5 dxe5 20.fxe5 Nh7 21.d5 Rbe8 22.b4 Kh8
23.Qa4 Re7 24.d6 cxd6 25.exd6 Ref7 26.Rxe6 f4 27.Rxf4 Ng5 28.Re1 Nh3+ 29.Bxh3 Qxh3
30.Qc6 Nf6 31.Qg2 Qd7 32.c5 g5 33.Rxf6 Rxf6 34.Bc3 bxc5 35.bxc5 Qf5 36.Bd4 Kg8
37.Bxf6 Qxc5+ 38.Kh1 Rxf6 39.d7 Rf8 40.Qa2+ Kh7 41.Qb2 Qd5+ 42.Qg2 Qxd7 43.Qe4+ Kg7
44.Qe5+ Kg8 45.Qe6+ Qf7 46.Kg2 Kg7 47.Qxf7+ Rxf7 48.Re6 Rb7 49.Ra6 Rf7 50.Kh3 h5
51.Kg2 Kh7 52.a4 Kg7 53.Rc6 Kh7 54.Ra6  1/2-1/2

[Event "Bayamo"]
[Site "Bayamo"]
[Date "1991.??.??"]
[Round "?"]
[White "Ulibin, Mikhail"]
[Black "Rodriguez, Amador"]
[Result "1/2-1/2"]
[WhiteElo "2465"]
[BlackElo "2530"]

1.d4 Nf6 2.c4 e6 3.Nc3 Bb4 4.Qc2 O-O 5.a3 Bxc3+ 6.Qxc3 b6 7.Bg5 Bb7 8.f3 h6
9.Bh4 d5 10.e3 Nbd7 11.cxd5 Nxd5 12.Bxd8 Nxc3 13.Bxc7 Nd5 14.Bd6 Nxe3 15.Kf2 Nc2
16.Rd1 Rfc8 17.Bb5 Nf6 18.Ne2 a6 19.Bd3 Nd5 20.g4 Rc6 21.Bf4 Nxf4 22.Nxf4 Nxd4
23.Be4 e5 24.Rhe1 exf4 25.Rxd4 Rc7 26.Bxb7 Rxb7 27.Rxf4 Rc7 28.Rd4 Rc2+ 29.Re2 Rac8  1/2-1/2

[Event "Bayern-ch"]
[Site "Bayern"]
[Date "1991.??.??"]
[Round "5"]
[White "Wachinger, Guenther"]
[Black "Mandl, Robert"]
[Result "1/2-1/2"]
[WhiteElo "2265"]
[BlackElo "2395"]

1.d4 Nf6 2.c4 e6 3.Nc3 Bb4 4.Qc2 O-O 5.a3 Bxc3+ 6.Qxc3 Qe8 7.f3 d6 8.e4 e5
9.d5 a5 10.b4 axb4 11.axb4 Rxa1 12.Qxa1 Na6 13.Qa5  1/2-1/2

[Event "Belgorod-B"]
[Site "Belgorod"]
[Date "1991.??.??"]
[Round "?"]
[White "Sericano, Claudio"]
[Black "Pribyl, Josef"]
[Result "1/2-1/2"]
[WhiteElo "2305"]
[BlackElo "2425"]

1.d4 Nf6 2.c4 e6 3.Nc3 Bb4 4.Qc2 O-O 5.a3 Bxc3+ 6.bxc3 d6 7.Nf3 Qe7 8.e3 Nbd7
9.Be2 e5 10.O-O b6  1/2-1/2

[Event "Belgorod"]
[Site "Belgorod"]
[Date "1991.??.??"]
[Round "?"]
[White "Wegner, Hannu"]
[Black "Savon, Vladimir A"]
[Result "0-1"]
[WhiteElo "2435"]
[BlackElo "2465"]

1.d4 Nf6 2.c4 e6 3.Nc3 Bb4 4.Qc2 O-O 5.a3 Bxc3+ 6.Qxc3 b6 7.Bg5 c5 8.dxc5 bxc5
9.e3 d6 10.Bxf6 Qxf6 11.Qxf6 gxf6 12.O-O-O Rd8 13.Ne2 Kf8 14.Nf4 Nc6 15.Kc2 a5
16.a4 Rb8 17.b3 Ke7 18.g3 Ne5 19.Bg2 Bd7 20.Nd3 Rb6 21.Nc1 Rdb8 22.Kc3 Rb4
23.h3 Bxa4 24.bxa4 Rxc4+ 25.Kd2 Rb2+ 26.Ke1 Rxc1  0-1

[Event "Berliner Sommer"]
[Site "Berlin"]
[Date "1991.??.??"]
[Round "?"]
[White "Karpman, Vadim"]
[Black "Butnorius, Algimantas"]
[Result "1/2-1/2"]
[WhiteElo "2445"]
[BlackElo "2390"]

1.d4 Nf6 2.c4 e6 3.Nc3 Bb4 4.Qc2 O-O 5.a3 Bxc3+ 6.Qxc3 b6 7.Bg5 Bb7 8.f3 h6
9.Bh4 d5 10.cxd5 exd5 11.e3 Re8 12.Nh3  1/2-1/2

[Event "Bern"]
[Site "Bern"]
[Date "1991.??.??"]
[Round "7"]
[White "Barbero, Gerardo F"]
[Black "Summermatter, Daniel"]
[Result "0-1"]
[WhiteElo "2495"]
[BlackElo "2320"]

1.d4 Nf6 2.c4 e6 3.Nc3 Bb4 4.Qc2 O-O 5.a3 Bxc3+ 6.Qxc3 b6 7.Bg5 Bb7 8.f3 h6
9.Bh4 d5 10.e3 Nbd7 11.cxd5 exd5 12.Bd3 Qe7 13.Ne2 c5 14.Bf2 a5 15.O-O Ba6
16.Ng3 cxd4 17.exd4 Rfc8 18.Qd2 Bxd3 19.Qxd3 g6 20.Be3 Kg7 21.Rfe1 Qd8 22.Bf4 Ng8
23.Ne2 Nf8 24.Be5+ Kh7 25.Nc3 Qd7 26.Nb5 Rc6 27.Re2 Rac8 28.Rae1 Ne6 29.a4 Ne7
30.g4 Rc1 31.Nd6 Rxe1+ 32.Rxe1 Rf8 33.Qb5 Qxb5 34.axb5 Nc8 35.Rc1 Na7 36.Bf6 g5
37.Kf2 Kg6 38.Be7 Rh8 39.Ke3 h5 40.h3 hxg4 41.hxg4 Rh2 42.b3 f6 43.Nf5 Nxb5
44.Rc6 Re2+ 45.Kxe2 Nexd4+ 46.Kd3 Nxc6 47.Bd6 Kf7 48.Bh2 Ne5+ 49.Ke2 Nc3+
50.Ke3 b5 51.Bg3 a4 52.Be1 Nd1+ 53.Ke2 Nb2 54.Bc3 Nbd3 55.Nd6+ Ke7 56.Nxb5 axb3
57.Kd2 Nf4 58.Nd4 Nc4+ 59.Kd1 b2 60.Kc2 Nd3 61.Nb5 Ke6 62.Kb1 Ke7 63.Ka2 Nc1+
64.Kb1 Ne2 65.Bxb2 Nxb2 66.Kxb2 Ng1 67.Nd4 Kd6 68.Kc3 Ke5 69.Kd3 Kf4 70.Ne6+ Kxf3
71.Nc7 Kxg4 72.Nxd5 Kf5 73.Ke3 Ke5 74.Nb4 Nh3 75.Kf3 f5 76.Nc6+ Kf6 77.Nd4 Nf4
78.Ke3 Ne6 79.Nc6 g4 80.Nb4 Kg5 81.Nd5 Kh4  0-1

[Event "Bern"]
[Site "Bern"]
[Date "1991.??.??"]
[Round "8"]
[White "Barbero, Gerardo F"]
[Black "Wirthensohn, Heinz"]
[Result "1/2-1/2"]
[WhiteElo "2495"]
[BlackElo "2460"]

1.d4 Nf6 2.c4 e6 3.Nc3 Bb4 4.Qc2 O-O 5.a3 Bxc3+ 6.Qxc3 d6 7.Bg5 Nbd7 8.e3 b6
9.f3 c5 10.Bd3 h6 11.Bh4 Ba6 12.Ne2 Rc8 13.Qb3 d5 14.Qa4 Bxc4 15.Bxc4 dxc4
16.Qxc4  1/2-1/2

[Event "Biel op (Women)"]
[Site "Biel"]
[Date "1991.??.??"]
[Round "4"]
[White "Flear, Christine"]
[Black "Maric, Alisa"]
[Result "1-0"]
[WhiteElo "2210"]
[BlackElo "2420"]

1.d4 Nf6 2.c4 e6 3.Nc3 Bb4 4.Qc2 O-O 5.a3 Bxc3+ 6.Qxc3 b6 7.Bg5 Bb7 8.e3 d6
9.f3 Nbd7 10.Nh3 c5 11.Be2 h6 12.Bh4 Rc8 13.dxc5 bxc5 14.O-O-O d5 15.Kb1 Qb6
16.Rhe1 dxc4 17.e4 Qb3 18.Qxc4 Qxc4 19.Bxc4 g5 20.Bg3 Nb6 21.Bd3 Rfd8 22.Be5 Nfd7
23.Bc3 c4 24.Bc2 Bc6 25.Nf2 Na4 26.Bxa4 Bxa4 27.Rd4 f6 28.Rd6 Nc5 29.Rxd8+ Rxd8
30.Ng4 Nd3 31.Rg1 Nf4 32.Bxf6 Rd2 33.Nxh6+ Kh7 34.Bxg5 Rxg2 35.Rxg2 Nxg2
36.Ng4 Ne1 37.f4 Bc6 38.Kc1 Nf3 39.h4 Kg7 40.Nf6 e5 41.fxe5 Nxe5 42.Nd5 Kf7
43.Kd2 Nd3 44.Kc3 Ke6 45.Be3 Ke5 46.Bxa7 Kxe4 47.Ne3 Bb5 48.h5  1-0

[Event "Biel op (Women)"]
[Site "Biel"]
[Date "1991.??.??"]
[Round "8"]
[White "Flear, Christine"]
[Black "Maric, Mirjana"]
[Result "0-1"]
[WhiteElo "2210"]
[BlackElo "2300"]

1.d4 Nf6 2.c4 e6 3.Nc3 Bb4 4.Qc2 O-O 5.a3 Bxc3+ 6.Qxc3 b6 7.Bg5 Bb7 8.e3 c5
9.dxc5 bxc5 10.f3 a5 11.Bd3 a4 12.Ne2 d6 13.O-O Nbd7 14.Bc2 Ne5 15.Ng3 h6
16.Bxf6 Qxf6 17.f4 Ng4 18.Qd3 Rfd8 19.f5 Qh4 20.Rf2 Qxh2+ 21.Kf1 Nxf2  0-1

[Event "Biel op"]
[Site "Biel"]
[Date "1991.??.??"]
[Round "11"]
[White "Foisor, Ovidiu"]
[Black "Sutter, Oliver"]
[Result "1-0"]
[WhiteElo "2425"]
[BlackElo "2270"]

1.d4 Nf6 2.c4 e6 3.Nc3 Bb4 4.Qc2 O-O 5.Nf3 b6 6.e4 d5 7.e5 Ne4 8.Bd3 f5 9.exf6 Nxf6
10.O-O h6 11.Bf4 Ba6 12.cxd5 Bxd3 13.Qxd3 Bxc3 14.bxc3 exd5 15.c4 c6 16.Ne5 dxc4
17.Qxc4+ Qd5 18.Rac1 Qxc4 19.Rxc4 Nfd7 20.Nd3 a5 21.g3 g5 22.Bd2 Rf6 23.Rfc1 Rd6
24.Be3 b5 25.R4c2 Kf7 26.f4 gxf4 27.Nxf4 Nf6 28.Kg2 Nd5 29.Nxd5 Rxd5 30.Rf1+ Kg6
31.Rf8 Rd7 32.Rcf2 b4 33.Bf4 Rb7 34.Be5 a4 35.Rg8+ Kh7 36.Rh8+ Kg6 37.Rf6+ Kg5
38.h4+ Kg4 39.Rg8+  1-0

[Event "Latin Cup Final"]
[Site "Bogota"]
[Date "1991.??.??"]
[Round "6"]
[White "Toth, Christian Endre"]
[Black "Rodriguez, Amador"]
[Result "1/2-1/2"]
[WhiteElo "2305"]
[BlackElo "2530"]

1.d4 Nf6 2.c4 e6 3.Nc3 Bb4 4.Qc2 O-O 5.a3 Bxc3+ 6.Qxc3 d6 7.Bg5 Nbd7 8.e3 b6
9.Bd3 Bb7 10.f3 c5 11.Ne2 h6 12.Bh4 Rc8 13.Qd2 Ba6 14.Rc1 Re8 15.O-O  1/2-1/2

[Event "Borovo"]
[Site "Borovo"]
[Date "1991.??.??"]
[Round "1"]
[White "Ilincic, Zlatko"]
[Black "Borkovic, Vladimir"]
[Result "1-0"]
[WhiteElo "2470"]
[BlackElo "2280"]

1.d4 Nf6 2.c4 e6 3.Nc3 Bb4 4.Qc2 O-O 5.a3 Bxc3+ 6.Qxc3 b5 7.cxb5 c6 8.bxc6 Nxc6
9.b4 Ba6 10.e3 Bxf1 11.Kxf1 a5 12.b5 Ne7 13.Qd3 a4 14.Nf3 Qb6 15.Bd2 Rfc8
16.Ke2 Ned5 17.Ne5 Qb7 18.f3 Rab8 19.Rab1 h6 20.e4 Rc3 21.Bxc3 Nf4+ 22.Ke3 Nxd3
23.Nxd3 Qc7 24.Bd2 Ne8 25.e5 d6 26.Rhc1 Qd7 27.b6 dxe5 28.Nxe5 Qd5 29.Nc6 Rb7
30.Na5 Rb8 31.b7 Nd6 32.g4 Nxb7 33.Nc6 Re8 34.Rxb7 Qg5+ 35.Ke2 Qh4 36.Bf4 Qh3
37.Kf2 h5 38.g5 Qf5 39.Ke3 Qd5 40.Ne7+ Rxe7 41.Rxe7 Qb3+ 42.Kf2 Qb2+ 43.Kg3 Qxd4
44.g6 fxg6 45.Rcc7 h4+ 46.Kg4 Qg1+ 47.Kxh4 g5+ 48.Kh5 gxf4 49.Rxg7+ Qxg7
50.Rxg7+ Kxg7 51.Kg5 e5 52.Kf5  1-0

[Event "Borsodtavho"]
[Site "Borsodtavho"]
[Date "1991.??.??"]
[Round "5"]
[White "Sjoberg, Mats"]
[Black "Luther, Thomas"]
[Result "0-1"]
[WhiteElo "2360"]
[BlackElo "2470"]

1.d4 e6 2.c4 Nf6 3.Nc3 Bb4 4.Qc2 O-O 5.a3 Bxc3+ 6.Qxc3 b6 7.Bg5 Bb7 8.f3 h6
9.Bh4 d5 10.cxd5 exd5 11.Bxf6 Qxf6 12.Qxc7 Ba6 13.Qc3 Rc8 14.Qd2 Nc6 15.e3 Bxf1
16.Kxf1 Na5 17.Qd3 Nc4 18.b3 Qf5 19.Ke2 Nxe3 20.Qxf5 Nxf5 21.Kd3 Re8 22.g4 Nh4
23.Nh3 Ng2 24.Rag1 Re3+ 25.Kd2 Rxb3  0-1